=LDR 00000nam 2200000 4500 =001 INLIS000000000003749 =005 20130612092041 =008 ***********************************Ind** =035 ##$$0010-061300000003749 =041 ##$$a Ind =082 ##$$a 612.313 =090 ##$$a 612.313, Ame l =100 ##$$a Amerongen, A.Van Nieuw =245 ##$$a Ludah dan kelenjar ludah, arti bagi kesehatan gigi, A.Van Nieuw Amerongen; penerjemah, Rafiah Abyono =260 ##$$a 1992 $b Yogyakarta =300 ##$$a xxiii, 269 hlm., ilus., 21 cm =650 ##$$a Ludah =700 ##$$a Abyono, Rafiah =850 ##$$a NBPNMAT